Halo: Combat Evolved Multiplayer Maps - Statistics

General Stats
  • This quiz has been taken 6 times
  • The average score is 9 of 19
Answer Stats
Game Size Map Name % Correct
4v4 Battle Creek
80%
4v4 Hang 'Em High
80%
8v8 Boarding Action
60%
4v4 Chill Out
60%
8v8 Death Island
60%
8v8 Sidewinder
60%
8v8 Blood Gultch
40%
4v4 Chiron TL-34
40%
4v4 Damnation
40%
8v8 Danger Canyon
40%
4v4 Derelict
40%
8v8 Gephyrophobia
40%
8v8 Ice Fields
40%
8v8 Infinity
40%
4v4 Rat Race
40%
8v8 Timberland
40%
4v4 Wizard
40%
4v4 Longest
20%
4v4 Prisoner
20%
No matching quizzes found
Score Distribution
Percent of People with Each Score
Percentile by Number Answered
Your Score History
You have not taken this quiz